Принципы интерсубъективности и синтетическая структура понимания; Вестник Томского государственного педагогического университета; № 5 (133)

Bibliografski detalji
Parent link:Вестник Томского государственного педагогического университета/ Томский государственный педагогический университет (ТГПУ).— , 1997-
№ 5 (133).— 2013.— [С. 67-70]
Glavni autor: Гончаренко М. В. Марк Васильевич
Sažetak:Заглавие с экрана
Представлено рассмотрение оснований, определяющих структуру понимания. Проблема принципов познания и их компетентности никогда не утрачивала своей актуальности. Синкретичность модели исследуемой реальности дает основание полагать, что именно ретенциально-протенциальные факторы, ее конституирующие, являются основными элементами как для картины мира, так и для структурируемого ею мира. Ретенциально-протенциальная обусловленность модели мира сформирована "феноменом мира"
Режим доступа: по договору с организацией-держателем ресурса
Jezik:ruski
Izdano: 2013
Teme:
Online pristup:http://vestnik.tspu.ru/archive.html?year=2013&issue=5&article_id=4139
http://elibrary.ru/item.asp?id=19072473
Format: Elektronički Poglavlje knjige
KOHA link:https://koha.lib.tpu.ru/cgi-bin/koha/opac-detail.pl?biblionumber=636522

MARC

LEADER 00000nla0a2200000 4500
001 636522
005 20250328104845.0
035 |a (RuTPU)RU\TPU\network\530 
035 |a RU\TPU\network\101 
090 |a 636522 
100 |a 20140210d2013 k||y0rusy50 ca 
101 0 |a rus 
102 |a RU 
135 |a drnn ---uucaa 
181 0 |a i  
182 0 |a b 
200 1 |a Принципы интерсубъективности и синтетическая структура понимания  |f М. В. Гончаренко 
203 |a Текст  |c электронный 
300 |a Заглавие с экрана 
320 |a [Библиогр.: с. 70 (6 назв.)] 
330 |a Представлено рассмотрение оснований, определяющих структуру понимания. Проблема принципов познания и их компетентности никогда не утрачивала своей актуальности. Синкретичность модели исследуемой реальности дает основание полагать, что именно ретенциально-протенциальные факторы, ее конституирующие, являются основными элементами как для картины мира, так и для структурируемого ею мира. Ретенциально-протенциальная обусловленность модели мира сформирована "феноменом мира" 
333 |a Режим доступа: по договору с организацией-держателем ресурса 
461 |t Вестник Томского государственного педагогического университета  |f Томский государственный педагогический университет (ТГПУ)  |d 1997- 
463 |t № 5 (133)  |v [С. 67-70]  |d 2013 
600 1 |a Соловьев  |b В. С.  |g Владимир Сергеевич  |c русский философ, богослов  |c поэт, публицист  |c литературный критик конца XIX века  |f 1853-1900  |2 stltpush  |3 (RuTPU)RU\TPU\pers\26346 
600 1 |a Гуссерль  |g Эдмунд  |f 1859-1938  |c немецкий философ  |b Э.  |2 stltpush  |3 (RuTPU)RU\TPU\pers\318 
610 1 |a электронный ресурс 
610 1 |a труды учёных ТПУ 
610 1 |a интерсубъективность 
610 1 |a понимание 
610 1 |a ретенциальность 
610 1 |a протенциальность 
610 1 |a модели 
700 1 |a Гончаренко  |b М. В.  |c специалист в области психологии и педагогики  |c доцент Томского политехнического университета, кандидат философских наук  |f 1973-  |g Марк Васильевич  |3 (RuTPU)RU\TPU\pers\31768 
801 2 |a RU  |b 63413507  |c 20150113  |g RCR 
856 4 |u http://vestnik.tspu.ru/archive.html?year=2013&issue=5&article_id=4139 
856 4 |u http://elibrary.ru/item.asp?id=19072473 
942 |c CF